| 000 | 00421nam a22001577a 4500 | ||
|---|---|---|---|
| 999 |
_c2210 _d2210 |
||
| 005 | 20181009190203.0 | ||
| 008 | 181009b ||||| |||| 00| 0 eng d | ||
| 040 | _cDLC | ||
| 082 |
_a223.2 _bM4291D |
||
| 100 | _aMathews, Harrison A | ||
| 245 |
_aDavid and His Psalms _cHarrison A. Mathews |
||
| 260 |
_aTexas _bR. B. Sweet _c1964 |
||
| 300 | _a112p,; | ||
| 650 |
_aDavid, King of Israel _xBible.--Psalms |
||
| 942 |
_2ddc _cBK |
||